| 000 | 00669nam a22002057a 4500 | ||
|---|---|---|---|
| 003 | OSt | ||
| 005 | 20140816100554.0 | ||
| 008 | 140813b xxu||||| |||| 00| 0 eng d | ||
| 020 | _a92-75-32259-7 | ||
| 040 | _cBMC | ||
| 082 | _a613 | ||
| 082 | _a614 | ||
| 245 | 0 | 0 |
_aPlanificación local participativa _b: metodologías para la promoción de la salud en América latina y el Caribe |
| 260 |
_aWashington _bOrganización Panamericana de la Salud _c1999 |
||
| 300 |
_aV, 220 p. _c23 cm |
||
| 490 |
_aPaltex para ejecutores de programas de salud _v41 |
||
| 650 | 2 | 4 |
_918388 _aPromoción de la salud |
| 650 | 2 | 4 |
_923785 _aSalud pública _xPlanificación |
| 942 |
_2ddc _cBK |
||
| 999 |
_c12988 _d12988 |
||